| 000 | 00441nam a2200145Ia 4500 | ||
|---|---|---|---|
| 999 |
_c376052 _d375952 |
||
| 003 | KE-NaHC | ||
| 005 | 20220718131624.0 | ||
| 008 | 130518s9999 xx 000 0 und d | ||
| 020 | _a1869886070 | ||
| 040 |
_aKE-NaHC _beng _cKE-NaHC _dKE-NaHC |
||
| 100 |
_aMaina wa Kinyatti _9109748 |
||
| 245 | 1 | 2 |
_aA Season of blood: _bpoems from Kenyan prisons |
| 260 |
_aNew York _bMau Mau Research Center _c1995 |
||
| 942 |
_hPR _i9342 _m.MAI _cBK _01 |
||